000 00344nam a22001457a 4500
003 OSt
005 20240112120925.0
008 240112b |||||||| |||| 00| 0 eng d
040 _cIIMT UNIVERSITY
100 _aPODDAHAR, HANUMANPRASAD
245 _aBHAKT NAARI
260 _aGORAKHPUR
_bGEETA PRESS
_cS.2038
300 _a176
942 _2ddc
_c09
999 _c57972
_d57972